| 000 | 00431nam a22001697a 4500 | ||
|---|---|---|---|
| 003 | MACL | ||
| 005 | 20160730122812.0 | ||
| 008 | 160730b xxu||||| |||| 00| 0 eng d | ||
| 040 | _cMACL | ||
| 041 | _aEnglish | ||
| 082 | _a080 SEH | ||
| 100 |
_aSehgal, Kapil _965750 |
||
| 245 |
_aBasic Communication Skills _cKapil Sehgal |
||
| 260 |
_aNew Delhi _bNisha Publications _c2015 |
||
| 650 |
_aMotivations _922658 |
||
| 942 |
_2ddc _cBK |
||
| 999 |
_c55313 _d55313 |
||